Statystyki dla Historia Polski - wiedza ogólna

Kliknij tutaj aby rozwiązać quiz!

Ogólne statystyki

  • Ten quiz został rozwiązany 2 779 razy
  • Średni wynik to 9 z 15

Statystyki odpowiedzi

WskazówkaOdpowiedź% Poprawnych
Pierwszy koronowany król polskiBolesław Chrobry
97%
Chrzest Polski (Rok)966
96%
Bitwa pod Grunwaldem (Rok)1410
94%
Dowódca wojsk polskich pod WiedniemJan Sobieski
73%
Ostatni Polski KrólStanisław Poniatowski
66%
Pierwszy polski król elekcyjnyHenryk Walezy
62%
Pierwszy Polski PrezydentGabriel Narutowicz
61%
Zmiana Ustrojowa w Polsce (Rok)1989
57%
Pierwszy Polski MarszałekJózef Piłsudski
56%
Nazwisko Władysława - Króla, który zginął w bitwie pod WarnąWarneńczyk
56%
Macierzysty kraj Buntu ŻeligowskiegoLitwa
51%
Bitwa pod Cedynią (Rok)972
50%
Kraj pochodzenia Stefana Batorego (Teraźniejsze granice)Rumunia
42%
Unia Krewska (Rok)1385
37%
Dokładna data rozpoczęcia Powstania Warszawskiego1.8.1944
16%

Rozkład punktacji

Percentyl według liczby udzielonych odpowiedzi

Procent ludzi z każdym wynikiem

Twoja historia wyników

Nie rozwiązałeś tego quizu